Espacio de Hilbert /
Guardado en:
| Autor Principal: | |
|---|---|
| Formato: | Libro |
| Idioma: | Spanish |
| Publicado: |
Bogotá :
Departamento de Matemática de la Universidad Nacional de Colombia,
1967.
|
| Etiquetas: |
Agregar Etiqueta
Sin Etiquetas, Sea el primero en etiquetar este registro!
|
| LEADER | 00434nam a22001335a 4500 | ||
|---|---|---|---|
| 001 | MAT.inmabb001518 | ||
| 008 | 031124s1967####ck############000#0#spa#d | ||
| 005 | 20170816143810.0 | ||
| 245 | 1 | 0 | |a Espacio de Hilbert / |c Yu Takeuchi. |
| 260 | |a Bogotá : |b Departamento de Matemática de la Universidad Nacional de Colombia, |c 1967. | ||
| 300 | |a 108 p. ; |c 25 cm. | ||
| 100 | 1 | |a Takeuchi, Yu. | |
| 084 | |a 46-XX |2 msc2000 | ||
| 859 | |h 46 |i T136 |p A-1879 |b BIB. MATEMATICA | ||
